[Event "Nancy Rapid op 22nd"]
[Site "Meurthe et Moselle"]
[Date "2024.02.18"]
[Round "2"]
[White "Julian, Stephane"]
[Black "Brunner, Nicolas"]
[Result "0-1"]
[WhiteElo "1840"]
[BlackElo "2414"]
[PlyCount "62"]
[EventDate "2024.02.18"]
[EventType "swiss (rapid)"]
[EventRounds "9"]
[EventCountry "FRA"]
[SourceTitle "CB08_2024"]
[SourceDate "2024.02.21"]
[SourceVersion "1"]
[SourceVersionDate "2024.02.21"]
[SourceQuality "1"]

1. e4 c5 2. Nf3 d6 3. d4 cxd4 4. Nxd4 Nf6 5. Nc3 a6 6. h3 e5 7. Nde2 h5 8. g3 Be7 9. Bg2 Nbd7 10. Be3 b5 11. Nd5 Nxd5 12. Qxd5 Rb8 13. 0-0 Nb6 14. Qc6+ Bd7 15. Bxb6 Rxb6 16. Qd5 Qc8 17. Nc3 Rc6 18. Qd3 Bxh3 19. Nd5 Be6 20. Nxe7 Kxe7 21. Rfd1 h4 22. Qe3 f6 23. c3 hxg3 24. Qxg3 g5 25. Rd2 Qb7 26. Rad1 b4 27. cxb4 Qxb4 28. Qe3 Qb6 29. Qa3 a5 30. b3 Qb4 31. Qb2 Rhc8 0-1

[Event "Nancy Rapid 19th"]
[Site "Nancy"]
[Date "2021.10.24"]
[Round "3"]
[White "Julian, Stephane"]
[Black "Fedorchuk, Sergey A"]
[Result "0-1"]
[WhiteElo "1980"]
[BlackElo "2606"]
[PlyCount "94"]
[EventDate "2021.10.24"]
[EventType "swiss (rapid)"]
[EventRounds "9"]
[EventCountry "FRA"]
[SourceTitle "CBM 204 Extra"]
[Source "ChessBase"]
[SourceDate "2021.11.30"]
[SourceVersion "1"]
[SourceVersionDate "2021.11.30"]
[SourceQuality "1"]

1. e4 c5 2. Nf3 e6 3. d4 cxd4 4. Nxd4 a6 5. Bd3 Bc5 6. Nb3 Be7 7. 0-0 d6 8. Nc3 Nf6 9. Be3 Qc7 10. a4 b6 11. f4 Nbd7 12. Qf3 Bb7 13. Qh3 Nc5 14. Nxc5 bxc5 15. b3 d5 16. e5 Nd7 17. Bd2 g6 18. Rae1 c4 19. bxc4 dxc4 20. Be4 Nc5 21. Bxb7 Qxb7 22. Be3 Qb2 23. Bxc5 Bxc5+ 24. Kh1 Bb4 25. Re3 Bxc3 26. Rxc3 Qb4 27. Ra3 0-0 28. Qc3 Rfb8 29. Qxb4 Rxb4 30. Rd1 Rc8 31. Kg1 c3 32. g3 Rb2 33. Rc1 Rb4 34. Kf2 Rc5 35. Rd1 g5 36. Kf3 gxf4 37. gxf4 Rcc4 38. Ke3 Re4+ 39. Kf3 Rxf4+ 40. Kg2 Rfe4 41. Rxc3 Rxe5 42. Ra3 Re2+ 43. Kf3 Rxh2 44. Rg1+ Kf8 45. Rc3 Rh3+ 46. Rg3 Rxg3+ 47. Kxg3 Rxa4 0-1

[Event "Metz op 37th"]
[Site "Metz"]
[Date "2019.04.09"]
[Round "2"]
[White "Alok, Sinha"]
[Black "Julian, Stephane"]
[Result "1/2-1/2"]
[WhiteElo "2271"]
[BlackElo "1993"]
[PlyCount "101"]
[EventDate "2019.04.08"]
[EventType "swiss"]
[EventRounds "9"]
[EventCountry "FRA"]
[SourceTitle "CBM 189 Extra"]
[Source "ChessBase"]
[SourceDate "2019.06.03"]
[SourceVersion "1"]
[SourceVersionDate "2019.06.03"]
[SourceQuality "1"]

1. e4 c5 2. Nf3 d6 3. d4 cxd4 4. Nxd4 Nf6 5. Nc3 a6 6. h3 g6 7. g4 Bg7 8. Bg2 0-0 9. 0-0 Nc6 10. Nde2 Bd7 11. a4 Rc8 12. b3 Qc7 13. Bb2 Nb4 14. Qd2 h6 15. Rab1 Rfd8 16. Rfc1 e5 17. Ba3 a5 18. Bxb4 axb4 19. Nd5 Nxd5 20. Qxd5 Be6 21. Qd2 f5 22. gxf5 gxf5 23. exf5 Bxf5 24. Qd5+ Kh8 25. Ng3 Bg6 26. Qxb7 Qxb7 27. Bxb7 Rxc2 28. Rxc2 Bxc2 29. Rb2 Rb8 30. Bd5 Bd3 31. Rd2 Ba6 32. Rc2 Rc8 33. Rxc8+ Bxc8 34. Ne4 Bf8 35. Kg2 Kg7 36. f3 Be7 37. Kg3 Kf8 38. h4 Ke8 39. Nf2 Kd7 40. Kg4 Kc7+ 41. Kh5 Kb6 42. Nd3 Ka5 43. Kxh6 Bxh4 44. Kh5 Be7 45. Kg6 Bd7 46. f4 exf4 47. Nxf4 Bxa4 48. bxa4 Kxa4 49. Kf5 b3 50. Ne2 Kb4 51. Bxb3 1/2-1/2

[Event "Metz op 37th"]
[Site "Metz"]
[Date "2019.04.09"]
[Round "3"]
[White "Julian, Stephane"]
[Black "Navrotescu, Andreea Cristiana"]
[Result "0-1"]
[WhiteElo "1993"]
[BlackElo "2234"]
[PlyCount "152"]
[EventDate "2019.04.08"]
[EventType "swiss"]
[EventRounds "9"]
[EventCountry "FRA"]
[SourceTitle "CBM 189 Extra"]
[Source "ChessBase"]
[SourceDate "2019.06.03"]
[SourceVersion "1"]
[SourceVersionDate "2019.06.03"]
[SourceQuality "1"]

1. e4 c5 2. Nf3 Nc6 3. Bb5 g6 4. Bxc6 bxc6 5. 0-0 Bg7 6. Re1 Nh6 7. c3 0-0 8. d4 cxd4 9. cxd4 d5 10. e5 f6 11. exf6 exf6 12. Nc3 Nf7 13. Bf4 g5 14. Bg3 g4 15. Nd2 f5 16. Nb3 Qg5 17. f4 Qf6 18. Bf2 Nd6 19. Nc5 Ne4 20. N3xe4 fxe4 21. Be3 Rb8 22. Qd2 Rb5 23. Rac1 Bf5 24. Rc2 Rfb8 25. Rec1 Bc8 26. Na4 Bd7 27. Nc5 Be8 28. b3 h5 29. Qf2 Qf5 30. g3 Bf6 31. Kh1 Kh8 32. Qe2 Rd8 33. Qf2 Rd6 34. Rg1 Bd8 35. Qe2 Rh6 36. Rg2 h4 37. Kg1 Rb8 38. Rc1 Be7 39. Rc2 Rh7 40. Rc1 Bd6 41. Rf1 Rb5 42. Qd2 Bc7 43. Qc1 a5 44. Qc2 Bd6 45. Rd2 Kg8 46. Rg2 hxg3 47. Rxg3 Kf8 48. Qe2 Bh5 49. a4 Rb6 50. Bd2 Ra7 51. Qe1 Be7 52. Bxa5 Rb8 53. Re3 Bg6 54. Bc3 Kg8 55. Qd1 Rd8 56. b4 Bh5 57. Kh1 Kh7 58. Rg3 Bh4 59. Qd2 Bxg3 60. hxg3 Be8 61. Kg2 Kg8 62. Rh1 Rh7 63. Qe1 Rxh1 64. Qxh1 e3 65. Qc1 Bg6 66. Qxe3 Re8 67. Qd2 Qb1 68. a5 Be4+ 69. Nxe4 Qxe4+ 70. Kg1 Qf3 71. f5 Qxg3+ 72. Kh1 Kf7 73. Qh6 Qf3+ 74. Kg1 Qd1+ 75. Kg2 Re2+ 76. Kg3 Qg1+ 0-1

[Event "Saint Affrique op 22nd"]
[Site "Saint Affrique"]
[Date "2014.07.23"]
[Round "6"]
[White "Julian, Stephane"]
[Black "Husson, Cybele"]
[Result "1-0"]
[WhiteElo "2050"]
[BlackElo "1919"]
[PlyCount "75"]
[EventDate "2014.07.19"]
[EventType "swiss"]
[EventRounds "9"]
[EventCountry "FRA"]
[SourceTitle "CBM 161 Extra"]
[Source "ChessBase"]
[SourceDate "2014.08.29"]
[SourceVersion "1"]
[SourceVersionDate "2014.08.29"]
[SourceQuality "1"]

1. e4 Nf6 2. e5 Nd5 3. d4 d6 4. Nf3 dxe5 5. Nxe5 c6 6. Be2 Bf5 7. 0-0 Nd7 8. Bg4 Bxg4 9. Qxg4 N7f6 10. Qe2 e6 11. c4 Nb6 12. Rd1 a6 13. Nc3 Be7 14. Bf4 0-0 15. Rd3 Re8 16. Rad1 Nfd7 17. Qh5 g6 18. Qg4 f5 19. Qe2 Bg5 20. Qe3 h6 21. b3 Qf6 22. Bxg5 hxg5 23. f4 gxf4 24. Qxf4 Re7 25. Nxg6 Rg7 26. Ne5 Qe7 27. Rg3 Rd8 28. Re1 Nf6 29. Qh4 Nbd7 30. Ree3 Qa3 31. Nxd7 Qc1+ 32. Kf2 Ng4+ 33. Rxg4 Rdxd7 34. Rxg7+ Rxg7 35. Qd8+ Kf7 36. Qd7+ Kf8 37. Qxe6 Qd2+ 38. Ne2 1-0

[Event "Cap d'Agde CCAS op"]
[Site "Cap d'Agde"]
[Date "2010.10.23"]
[Round "1"]
[White "Julian, Stephane"]
[Black "Kosten, Anthony C"]
[Result "0-1"]
[WhiteElo "2151"]
[BlackElo "2513"]
[PlyCount "74"]
[EventDate "2010.10.23"]
[EventType "swiss"]
[EventRounds "7"]
[EventCountry "FRA"]
[SourceTitle "EXT 2012"]
[Source "ChessBase"]
[SourceDate "2011.11.24"]
[SourceVersion "1"]
[SourceVersionDate "2011.11.24"]
[SourceQuality "1"]

1. e4 e5 2. Nf3 Nc6 3. Bb5 a6 4. Ba4 Nf6 5. 0-0 Be7 6. Re1 b5 7. Bb3 0-0 8. c3 d6 9. h3 Na5 10. Bc2 c5 11. d4 Qc7 12. Nbd2 Be6 13. d5 Bd7 14. Nf1 c4 15. Ng3 Nb7 16. Nh2 Nc5 17. Ng4 Nxg4 18. hxg4 g6 19. Bh6 Rfe8 20. Re3 Bf8 21. Bxf8 Rxf8 22. Nf1 a5 23. Rg3 b4 24. Ne3 b3 25. axb3 cxb3 26. Bxb3 Nxe4 27. Rh3 Rfb8 28. Bc2 Ng5 29. Rh4 Rxb2 30. Ra3 Rab8 31. c4 Qc5 32. Rc3 a4 33. Nf5 gxf5 34. gxf5 f6 35. Rg3 Bxf5 36. Bxf5 Qxf2+ 37. Kh2 Qxf5 0-1

[Event "Saint Affrique op 18th"]
[Site "Saint Affrique"]
[Date "2010.07.28"]
[Round "6"]
[White "Julian, Stephane"]
[Black "Milliet, Sophie"]
[Result "0-1"]
[WhiteElo "2133"]
[BlackElo "2367"]
[PlyCount "70"]
[EventDate "2010.07.24"]
[EventType "swiss"]
[EventRounds "9"]
[EventCountry "FRA"]
[SourceTitle "CBM 137 Extra"]
[Source "ChessBase"]
[SourceDate "2010.09.01"]
[SourceVersion "1"]
[SourceVersionDate "2010.09.01"]
[SourceQuality "1"]

1. e4 d6 2. d4 Nf6 3. Nc3 e5 4. Nf3 Nbd7 5. Bc4 Be7 6. 0-0 0-0 7. Re1 a6 8. a4 b6 9. Nd5 Bb7 10. Nxe7+ Qxe7 11. Bd3 h6 12. Ra3 Rfe8 13. d5 Nc5 14. Nh4 Bc8 15. Nf5 Bxf5 16. exf5 e4 17. Bc4 Qd7 18. g4 b5 19. Ba2 b4 20. Rh3 h5 21. gxh5 Qxf5 22. Rg3 Qxh5 23. Qd4 Ng4 24. h3 Ne5 25. Ree3 f5 26. f4 exf3 27. Bc4 Ne4 28. Rxe4 fxe4 29. Bf4 Qf5 30. Be3 Rf8 31. Kf2 Rf7 32. Bf1 a5 33. Rg5 Qh7 34. Rg3 Qh4 35. Bg5 Ng4+ 0-1

[Event "Saint Affrique op 16th"]
[Site "Saint Affrique"]
[Date "2008.07.21"]
[Round "3"]
[White "Karpatchev, Aleksandr"]
[Black "Julian, Stephane"]
[Result "1-0"]
[WhiteElo "2460"]
[BlackElo "2159"]
[PlyCount "45"]
[EventDate "2008.07.19"]
[EventType "swiss"]
[EventRounds "9"]
[EventCountry "FRA"]
[SourceTitle "CBM 125 Extra"]
[Source "ChessBase"]
[SourceDate "2008.09.01"]
[SourceVersion "1"]
[SourceVersionDate "2008.09.01"]
[SourceQuality "1"]

1. e4 c5 2. c3 Nf6 3. e5 Nd5 4. d4 cxd4 5. cxd4 d6 6. Bc4 e6 7. Qe2 Be7 8. Nf3 0-0 9. 0-0 Nc6 10. Rd1 Qc7 11. Bd2 f5 12. Bxd5 exd5 13. Nc3 Qa5 14. Bg5 Bxg5 15. Nxg5 h6 16. Nf3 dxe5 17. Nxe5 Qd8 18. Qb5 Ne7 19. Re1 a6 20. Qb3 Rf6 21. Nd3 Rb6 22. Qa3 Nc6 23. Qc5 1-0

[Event "FRA-chT2 East 0708"]
[Site "France"]
[Date "2007.10.21"]
[Round "1.2"]
[White "Julian, Stephane"]
[Black "Anka, Emil"]
[Result "0-1"]
[WhiteElo "2156"]
[BlackElo "2407"]
[PlyCount "54"]
[EventDate "2007.10.21"]
[EventType "team"]
[EventRounds "11"]
[EventCountry "FRA"]
[SourceTitle "EXT 2009"]
[Source "ChessBase"]
[SourceDate "2008.11.26"]
[SourceVersion "1"]
[SourceVersionDate "2008.11.26"]
[SourceQuality "1"]
[WhiteTeam "Vandoeuvre II"]
[BlackTeam "Mundolsheim"]
[WhiteTeamCountry "FRA"]
[BlackTeamCountry "FRA"]

1. e4 c5 2. Nf3 d6 3. d4 cxd4 4. Nxd4 Nf6 5. Nc3 g6 6. Be3 Bg7 7. f3 0-0 8. Bc4 Nc6 9. Qd2 Bd7 10. h4 Rc8 11. Bb3 Ne5 12. Bh6 Bxh6 13. Qxh6 Qa5 14. Qe3 Nc4 15. Bxc4 Rxc4 16. h5 Nxh5 17. 0-0-0 Rxc3 18. bxc3 Nf6 19. g4 Rc8 20. Rd3 Qxa2 21. Qh6 Qa5 22. Ne2 Bb5 23. Rd5 Qa3+ 24. Kd2 Bxe2 25. Kxe2 Qxc3 26. Rd2 Qe5 27. Kf1 Rc3 0-1

[Event "Saint Affrique op 15th"]
[Site "Saint Affrique"]
[Date "2007.??.??"]
[Round "3"]
[White "Velikov, Petar"]
[Black "Julian, Stephane"]
[Result "1-0"]
[WhiteElo "2448"]
[BlackElo "2142"]
[PlyCount "81"]
[EventDate "2007.07.21"]
[EventType "swiss"]
[EventRounds "9"]
[EventCountry "FRA"]
[SourceTitle "CBM 119 Extra"]
[Source "ChessBase"]
[SourceDate "2007.09.04"]
[SourceVersion "1"]
[SourceVersionDate "2007.09.04"]
[SourceQuality "1"]

1. Nf3 d5 2. g3 Nf6 3. Bg2 g6 4. c4 c6 5. b3 Bg7 6. Bb2 0-0 7. 0-0 Bg4 8. d3 Nbd7 9. Nbd2 Re8 10. h3 Bxf3 11. Nxf3 e5 12. cxd5 cxd5 13. Rc1 Rc8 14. Rxc8 Qxc8 15. Qa1 Qb8 16. e3 Nh5 17. Rc1 Qd6 18. Nd2 b6 19. Qb1 a6 20. Qc2 d4 21. exd4 exd4 22. Qc6 Qxc6 23. Bxc6 Nhf6 24. Bxd4 Re6 25. Bb7 a5 26. Nf3 h6 27. Kf1 Rd6 28. Ke2 Nd5 29. Rc8+ Kh7 30. Bxg7 Kxg7 31. d4 N7f6 32. a3 g5 33. Ne5 Ne4 34. Nc4 Re6 35. Bxd5 Nc3+ 36. Kd3 Nxd5 37. Rd8 Nf6 38. d5 Re1 39. d6 Ne4 40. d7 Nc5+ 41. Kd2 1-0

[Event "FRA-ch Accession"]
[Site "Besancon"]
[Date "2006.08.21"]
[Round "6"]
[White "Vernay, Clovis"]
[Black "Julian, Stephane"]
[Result "1-0"]
[WhiteElo "2321"]
[BlackElo "2186"]
[PlyCount "55"]
[EventDate "2006.08.15"]
[EventType "swiss"]
[EventRounds "10"]
[EventCountry "FRA"]
[SourceTitle "CBM 113 Extra"]
[Source "ChessBase"]
[SourceDate "2006.09.14"]
[SourceVersion "1"]
[SourceVersionDate "2006.09.14"]
[SourceQuality "1"]

1. d4 d5 2. c4 c6 3. Nf3 Nf6 4. Nc3 a6 5. c5 Bg4 6. Ne5 Bf5 7. h3 g6 8. g4 Be6 9. Bg2 Bg7 10. 0-0 Nfd7 11. f4 Nxe5 12. fxe5 0-0 13. Bf4 Nd7 14. b4 f6 15. exf6 Nxf6 16. a4 Ne4 17. Nxe4 dxe4 18. e3 Bc4 19. Rf2 Bd3 20. Bf1 e5 21. dxe5 Qh4 22. Bxd3 exd3 23. Kg2 Rad8 24. Ra3 Bxe5 25. Rxd3 Rxd3 26. Qxd3 g5 27. Qc4+ Rf7 28. Qxf7+ 1-0

[Event "Nancy-B"]
[Site "Nancy"]
[Date "2006.02.23"]
[Round "6"]
[White "Heinz, Timothee"]
[Black "Julian, Stephane"]
[Result "1/2-1/2"]
[WhiteElo "2261"]
[BlackElo "2178"]
[PlyCount "31"]
[EventDate "2006.02.20"]
[EventType "tourn"]
[EventRounds "9"]
[EventCountry "FRA"]
[SourceTitle "CBM 110 Extra"]
[Source "ChessBase"]
[SourceDate "2006.03.10"]
[SourceVersion "2"]
[SourceVersionDate "2006.03.10"]
[SourceQuality "1"]

1. e4 c5 2. Nf3 d6 3. d4 cxd4 4. Nxd4 Nf6 5. Nc3 a6 6. Be3 e6 7. g4 h6 8. f4 e5 9. Nf5 Bxf5 10. gxf5 Nc6 11. Bg2 Qa5 12. Qe2 0-0-0 13. 0-0 exf4 14. Bxf4 Ne5 15. Rad1 Be7 16. a3 1/2-1/2

[Event "FRA-chT2D 0506"]
[Site "France"]
[Date "2005.12.04"]
[Round "4.5"]
[White "Julian, Stephane"]
[Black "Debray, Christopher"]
[Result "1/2-1/2"]
[WhiteElo "2135"]
[BlackElo "2215"]
[PlyCount "118"]
[EventDate "2005.10.27"]
[EventType "team-tourn"]
[EventRounds "11"]
[EventCountry "FRA"]
[SourceTitle "EXT 2006"]
[Source "ChessBase"]
[SourceDate "2005.11.24"]
[SourceVersion "1"]
[SourceVersionDate "2005.11.24"]
[SourceQuality "1"]
[WhiteTeam "Nancy"]
[BlackTeam "Evry II"]
[WhiteTeamCountry "FRA"]
[BlackTeamCountry "FRA"]

1. e4 c5 2. Nf3 d6 3. Bb5+ Bd7 4. Bxd7+ Qxd7 5. 0-0 Nc6 6. d3 e6 7. Re1 Nf6 8. Bg5 Be7 9. c3 0-0 10. d4 cxd4 11. cxd4 d5 12. e5 Ne4 13. Bxe7 Qxe7 14. Nbd2 Nxd2 15. Qxd2 Qb4 16. Qd3 Qc4 17. Qd2 Rac8 18. Rec1 Qb4 19. Rc3 a5 20. a3 Qb6 21. Rac1 Ne7 22. Rc5 h6 23. b4 axb4 24. Qxb4 Qxb4 25. axb4 b6 26. Rxc8 Rxc8 27. Rxc8+ Nxc8 28. Kf1 Na7 29. Ne1 Nb5 30. Nc2 Kf8 31. Ke2 Ke7 32. Kd3 Kd7 33. f4 h5 34. h3 h4 35. Ne1 Kc6 36. Nf3 Na7 37. Ng5 Kb5 38. Nxf7 Kxb4 39. Nd8 g6 40. Nxe6 Nc6 41. Nc7 Ne7 42. e6 Ka4 43. Kc3 b5 44. Na6 Ka5 45. Nc5 Kb6 46. Nd3 Kc6 47. Kb4 Kd6 48. Kxb5 Nf5 49. Ne5 Nxd4+ 50. Kb4 g5 51. Nf7+ Kxe6 52. Nxg5+ Kf5 53. Kc5 Ne2 54. Nf3 Ke4 55. f5 Kxf5 56. Nxh4+ Ke4 57. Nf3 Nf4 58. Nd2+ Ke3 59. Nf3 Nxg2 1/2-1/2

[Event "Metz op 23rd"]
[Site "Metz"]
[Date "2005.04.24"]
[Round "9"]
[White "Julian, Stephane"]
[Black "Klinova, Masha"]
[Result "1-0"]
[WhiteElo "2142"]
[BlackElo "2391"]
[PlyCount "69"]
[EventDate "2005.04.16"]
[EventType "swiss"]
[EventRounds "9"]
[EventCountry "FRA"]
[SourceTitle "CBM 105 Extra"]
[Source "ChessBase"]
[SourceDate "2005.05.01"]
[SourceVersion "1"]
[SourceVersionDate "2005.05.01"]
[SourceQuality "1"]

1. e4 d6 2. d4 Nf6 3. Nc3 c6 4. h3 b5 5. Bd3 e5 6. Nf3 Nbd7 7. a4 b4 8. Ne2 Be7 9. Ng3 0-0 10. Nf5 Bb7 11. dxe5 dxe5 12. 0-0 c5 13. Qe2 Re8 14. Nxe7+ Qxe7 15. b3 Nf8 16. Bb2 Ng6 17. g3 Red8 18. Kg2 Rd6 19. Nd2 Rad8 20. Kh2 h5 21. Nc4 R6d7 22. Bc1 Nf8 23. Bb2 Ng6 24. Bc1 h4 25. Bg5 Rd4 26. Rae1 Bc8 27. Ne3 Qe6 28. Nf5 Re8 29. Bxf6 gxf6 30. Qh5 Qb6 31. gxh4 Bxf5 32. exf5 Rxh4 33. Qf3 e4 34. Qg3 Rh6 35. Rxe4 1-0

[Event "Metz op 23rd"]
[Site "Metz"]
[Date "2005.04.17"]
[Round "2"]
[White "Spraggett, Kevin"]
[Black "Julian, Stephane"]
[Result "1-0"]
[WhiteElo "2585"]
[BlackElo "2142"]
[PlyCount "89"]
[EventDate "2005.04.16"]
[EventType "swiss"]
[EventRounds "9"]
[EventCountry "FRA"]
[SourceTitle "CBM 105 Extra"]
[Source "ChessBase"]
[SourceDate "2005.05.01"]
[SourceVersion "1"]
[SourceVersionDate "2005.05.01"]
[SourceQuality "1"]

1. e4 c5 2. Nf3 d6 3. c3 e5 4. d4 exd4 5. cxd4 Nf6 6. Nc3 Be7 7. d5 0-0 8. Be2 Bg4 9. 0-0 Nbd7 10. Nd2 Bxe2 11. Qxe2 Ne8 12. Nc4 Bf6 13. Bf4 Ne5 14. Ne3 a6 15. a4 Ng6 16. Bg3 Bh4 17. Bxh4 Qxh4 18. g3 Qd8 19. f4 Nf6 20. Nc4 Re8 21. Qf3 b6 22. Rae1 Rb8 23. e5 dxe5 24. fxe5 b5 25. axb5 axb5 26. exf6 Rxe1 27. Rxe1 bxc4 28. fxg7 Kxg7 29. h4 Qf6 30. Qe2 Qd4+ 31. Kh1 Qd3 32. Qf2 Qd4 33. Qe2 Qd3 34. Qg2 h5 35. Rd1 Qf5 36. d6 Ne5 37. Rd5 Qe6 38. Kg1 f6 39. Qe2 Qg4 40. Qxg4+ hxg4 41. Na4 Kg6 42. d7 Rd8 43. Nxc5 Kf7 44. Kf2 Ke7 45. Ke3 1-0

[Event "FRA-chT2b 0304"]
[Site "France"]
[Date "2004.04.03"]
[Round "10"]
[White "Julian, Stephane"]
[Black "Goossens, Etienne"]
[Result "1/2-1/2"]
[WhiteElo "2160"]
[BlackElo "2242"]
[PlyCount "65"]
[EventDate "2003.10.??"]
[EventType "team"]
[EventRounds "11"]
[EventCountry "FRA"]
[SourceTitle "EXT 2005"]
[Source "ChessBase"]
[SourceDate "2004.11.15"]
[SourceVersion "1"]
[SourceVersionDate "2004.11.15"]
[SourceQuality "1"]

1. e4 c5 2. Nf3 Nc6 3. d4 cxd4 4. Nxd4 e5 5. Nb5 d6 6. N1c3 a6 7. Na3 b5 8. Nd5 Nf6 9. Bg5 Qa5+ 10. Bd2 Qd8 11. Bg5 Be7 12. Bxf6 Bxf6 13. Be2 Bg5 14. 0-0 0-0 15. f4 exf4 16. c3 Ra7 17. Nxf4 Re7 18. Bd3 Bxf4 19. Rxf4 Ne5 20. Nc2 Bb7 21. Nd4 Rfe8 22. Nf5 Re6 23. Bc2 Ng6 24. Rf1 d5 25. Qd4 Qb6 26. exd5 Bxd5 27. Bb3 Bxb3 28. axb3 Ne7 29. Qxb6 Rxb6 30. b4 Nxf5 31. Rxf5 g6 32. Rf2 Rd6 33. g3 1/2-1/2

[Event "FRA-chT2 0304"]
[Site "France"]
[Date "2004.03.14"]
[Round "9"]
[White "Prinz, Bernhard"]
[Black "Julian, Stephane"]
[Result "1/2-1/2"]
[WhiteElo "2192"]
[BlackElo "2160"]
[PlyCount "45"]
[EventDate "2003.10.??"]
[EventType "team"]
[EventRounds "11"]
[EventCountry "FRA"]
[SourceTitle "EXT 2005"]
[Source "ChessBase"]
[SourceDate "2004.11.15"]
[SourceVersion "1"]
[SourceVersionDate "2004.11.15"]
[SourceQuality "1"]

1. g3 d5 2. Nf3 Nf6 3. Bg2 g6 4. 0-0 Bg7 5. d3 0-0 6. c3 c5 7. Nbd2 Nc6 8. e4 e5 9. exd5 Nxd5 10. Qb3 Nde7 11. Ne1 b6 12. Qa4 Bb7 13. Ne4 h6 14. f4 f5 15. Nxc5 bxc5 16. Qb3+ Kh7 17. Qxb7 Rb8 18. Qa6 Qd7 19. Qa3 Rb5 20. Qa4 Rfb8 21. Qc2 a5 22. Rb1 Re8 23. Qf2 1/2-1/2

[Event "Rochefort op 3rd"]
[Site "Rochefort"]
[Date "2004.02.24"]
[Round "5"]
[White "Julian, Stephane"]
[Black "Adeline, Bruno"]
[Result "1/2-1/2"]
[WhiteElo "2160"]
[BlackElo "1850"]
[PlyCount "98"]
[EventDate "2004.02.21"]
[EventType "swiss"]
[EventRounds "7"]
[EventCountry "FRA"]
[SourceTitle "EXT 2005"]
[Source "ChessBase"]
[SourceDate "2004.11.15"]
[SourceVersion "1"]
[SourceVersionDate "2004.11.15"]
[SourceQuality "1"]

1. e4 e6 2. d4 d5 3. Nd2 Nf6 4. e5 Nfd7 5. Bd3 c5 6. c3 Nc6 7. Ne2 Qb6 8. Nf3 h6 9. 0-0 Be7 10. Re1 Qc7 11. h3 c4 12. Bc2 b5 13. b3 Nb6 14. Nd2 Na5 15. b4 Nb7 16. Ng3 g6 17. f4 Bh4 18. Qg4 Qe7 19. Nf3 Bxg3 20. Qxg3 Bd7 21. Bd2 0-0-0 22. Reb1 Rdg8 23. a4 a6 24. axb5 axb5 25. Ra6 Kc7 26. Rba1 Ra8 27. Rxa8 Nxa8 28. f5 gxf5 29. Qg7 Qe8 30. Bxh6 Rg8 31. Qf6 Rg6 32. Qh4 Qg8 33. Bg5 Nb6 34. Qf4 Kc6 35. h4 Qh7 36. Kf2 Rg8 37. g4 Nd8 38. Ke2 Qg7 39. gxf5 exf5 40. Bxf5 Ne6 41. Bxe6 Bxe6 42. Qf6 Qh7 43. Qe7 Na4 44. Kf2 Qc2+ 45. Kg3 Qxc3 46. Rxa4 bxa4 47. Qc5+ Kb7 48. Qb5+ Kc7 49. Qa5+ Kb7 1/2-1/2

[Event "Cannes op"]
[Site "Cannes"]
[Date "2000.02.27"]
[Round "8"]
[White "Rouzaud, Philippe"]
[Black "Julian, Stephane"]
[Result "1/2-1/2"]
[WhiteElo "2196"]
[BlackElo "2120"]
[PlyCount "124"]
[EventDate "2000.02.20"]
[EventType "swiss"]
[EventRounds "9"]
[EventCountry "FRA"]
[SourceTitle "EXT 2001"]
[Source "ChessBase"]
[SourceDate "2000.11.22"]
[SourceVersion "1"]
[SourceVersionDate "2000.11.22"]
[SourceQuality "1"]

1. e4 c5 2. c3 Nf6 3. e5 Nd5 4. d4 cxd4 5. Nf3 Nc6 6. Bc4 Nb6 7. Bb3 e6 8. cxd4 d6 9. Bg5 Be7 10. Bxe7 Nxe7 11. Qe2 dxe5 12. dxe5 Bd7 13. Nc3 Bc6 14. 0-0 Qc7 15. Rac1 0-0 16. Rfe1 a6 17. Bc2 Ng6 18. Be4 Rac8 19. Qe3 Nc4 20. Qg5 Ncxe5 21. Nxe5 Qxe5 22. Qxe5 Nxe5 23. Bxh7+ Kxh7 24. Rxe5 Rfd8 25. f3 Rd2 26. Re2 Rcd8 27. Rc2 Rxc2 28. Rxc2 Kg6 29. Kf2 f5 30. f4 Kf6 31. Re2 Rh8 32. h3 Rd8 33. Nb1 Bb5 34. Rd2 Rxd2+ 35. Nxd2 e5 36. g3 g5 37. fxe5+ Kxe5 38. Nf3+ Kf6 39. h4 gxh4 40. gxh4 Bc4 41. b3 Bd5 42. Ke3 b5 43. Nd4 Ke5 44. Ne2 Bg8 45. h5 a5 46. h6 a4 47. b4 Kf6 48. a3 Kg5 49. Nd4 f4+ 50. Kf3 Bd5+ 51. Kf2 Kxh6 52. Nxb5 Kg5 53. Nc3 Bb3 54. b5 Be6 55. Nxa4 Kf5 56. Nc5 Bc8 57. b6 Ke5 58. b7 Bxb7 59. Nxb7 Kd4 60. Nd6 Kc3 61. Ke2 Kb3 62. Nb5 Ka4 1/2-1/2

[Event "Cannes op"]
[Site "Cannes"]
[Date "2000.02.23"]
[Round "4"]
[White "Henrichsen, Jens"]
[Black "Julian, Stephane"]
[Result "0-1"]
[WhiteElo "2067"]
[BlackElo "2120"]
[PlyCount "68"]
[EventDate "2000.02.20"]
[EventType "swiss"]
[EventRounds "9"]
[EventCountry "FRA"]
[SourceTitle "EXT 2001"]
[Source "ChessBase"]
[SourceDate "2000.11.22"]
[SourceVersion "1"]
[SourceVersionDate "2000.11.22"]
[SourceQuality "1"]

1. d4 Nf6 2. c4 e6 3. Nf3 b6 4. g3 Bb7 5. Bg2 c5 6. d5 exd5 7. Nh4 Qc8 8. cxd5 d6 9. Nc3 g6 10. e4 a6 11. a4 Bg7 12. 0-0 0-0 13. h3 Nbd7 14. Rb1 Re8 15. Re1 c4 16. b4 Ne5 17. Bf1 Nd3 18. Bxd3 cxd3 19. Qxd3 Qxh3 20. Qf1 Qg4 21. Qe2 Qxe2 22. Rxe2 Nxd5 23. Nxd5 Bxd5 24. f3 Bc4 25. Rd2 Rad8 26. Ng2 b5 27. axb5 Bxb5 28. Nf4 f5 29. Bb2 Bxb2 30. Rbxb2 fxe4 31. fxe4 Rxe4 32. Nd5 Re1+ 33. Kf2 Rf1+ 34. Kg2 Rf7 0-1